Barrios de Madrid: Tetuán - Estadísticas

Estadísticas generales
  • Esta prueba ha sido intentada 5 veces
  • La puntuación promedio es 3 de 6
Estadísticas de respuestas
Código Barrio % Correcto
65 Valdeacederas
100%
62 Cuatro Caminos
75%
66 Berruguete
50%
61 Bellas Vistas
25%
63 Castillejos
25%
64 Almenara
0%
No se encontraron pruebas coincidentes
Distribución de puntuación
Porcentaje de gente con cada puntuación
Porcentaje por número respondido
Historial de tus puntuaciones
No has intentado esta prueba.